| 000 | 01133nam a2200289 a 4500 | ||
|---|---|---|---|
| 001 | BRCA_8608 | ||
| 005 | 20190320210338.0 | ||
| 008 | 070916s1756----gw-#######---#000-0#ger-# | ||
| 041 | _ager | ||
| 044 | _agw | ||
| 050 | 4 |
_aBT300 _b.S56 _c1756 |
|
| 100 | 1 |
_aSiniscalchi, Liborius _921516 |
|
| 245 | 1 | 0 |
_aDes ehrwürdigen vatters liborius siniscalchi der gesellschaft jesu priestern marianisches schmertzen buch das ist geistreiche betrachtungen nebst morgen abend mess beicht und communion gebettern _cLiborius Siniscalchi, Petrum Obladen. |
| 260 |
_aAusgspurg _bMatthaus Rieger _c1756 |
||
| 300 |
_a1 vol. (con varias paginaciones) _c18 cm |
||
| 500 | _aFondo antiguo | ||
| 500 | _aSe encuentra en Caja Fuerte | ||
| 500 | _aMG-1 | ||
| 500 | _aPortada impresa a dos tintas negro y rojo | ||
| 500 | _aIncluye índice | ||
| 500 | _aNota de encuadernación: piel con cartón, edición de cantos dorados | ||
| 506 | 0 | _aFondo reservado: para su consulta es necesario credencial de usuario y carta de motivos | |
| 650 | 1 | 4 |
_aJesucrito _vBiografía _921517 |
| 700 | 1 |
_aObladen, Petrum _921518 |
|
| 902 | _aLAR | ||
| 942 |
_2lcc _cB |
||
| 999 |
_c8271 _d8271 |
||